000 00564nam a2200229Ia 4500
003 OSt
005 20221005121802.0
006 a|||||r|||| 00| 0
007 ta
008 221004b |||||||| |||| 00| 0 kan d
024 _a59724
037 _cTextual
040 _aCRL
_cCRL
_bkan
041 _2kan
_akan
082 _aO33,1M96j, L7
100 _aHingamire B.B.
_9631146
245 0 _aIlidubatayi
260 _c1977
650 _aKANNAD LITERATURE
942 _hO33,1M96j, L7
_cTEXL
_2cc
999 _c1042263
_d1042263